| Tag |
First Indicator |
Second Indicator |
Subfields |
| LEADER |
00000pam a2200000 a 4500 |
| 001 |
in00000092224 |
| 005 |
20150923132009.0 |
| 008 |
820217s1982 nyua b 00100 eng |
| 010 |
|
|
|a 82002599
|
| 020 |
|
|
|a 0471077380 :
|c $42.50 (est.)
|
| 035 |
|
|
|a (OCoLC)08222795
|
| 035 |
|
|
|9 AAK7305AM
|
| 039 |
0 |
|
|a 2
|b 3
|c 3
|d 3
|e 3
|
| 040 |
|
|
|a DLC
|c DLC
|d TXA
|d UtOrBLW
|
| 049 |
|
|
|a TXAM
|c [1633326]
|
| 050 |
0 |
0 |
|a QP552 I7
|b I76 1982
|
| 060 |
|
0 |
|a W1 ME9611AU v. 4
|a QU 55 I711
|
| 082 |
0 |
|
|a 574.19/2454
|2 19
|
| 245 |
0 |
0 |
|a Iron-sulfur proteins /
|c edited by Thomas G. Spiro.
|
| 264 |
|
1 |
|a New York :
|b Wiley,
|c [1982]
|
| 264 |
|
4 |
|c ©1982
|
| 300 |
|
|
|a x, 434 pages :
|b illustrations ;
|c 24 cm.
|
| 336 |
|
|
|a text
|b txt
|2 rdacontent
|
| 337 |
|
|
|a unmediated
|b n
|2 rdamedia
|
| 338 |
|
|
|a volume
|b nc
|2 rdacarrier
|
| 490 |
1 |
|
|a Metal ions in biology,
|x 0271-2911 ;
|v v. 4
|
| 500 |
|
|
|a "A Wiley-Interscience publication."
|
| 504 |
|
|
|a Includes bibliographical references and index.
|
| 650 |
|
0 |
|a Iron-sulfur proteins.
|
| 650 |
|
2 |
|a Metalloproteins.
|
| 700 |
1 |
|
|a Spiro, Thomas G.,
|d 1935-
|
| 830 |
|
0 |
|a Metal ions in biology ;
|v v. 4.
|
| 999 |
|
|
|a MARS
|
| 999 |
f |
f |
|s d042216f-5d14-3274-b681-6c07491b89eb
|i fcb5a149-5d9b-3d0b-953f-d7def06faa5e
|t 0
|
| 952 |
f |
f |
|p normal
|a Texas A&M University
|b College Station
|c Sterling C. Evans Library
|d Evans: Library Stacks
|t 0
|e QP552 I7 I76 1982
|h Library of Congress classification
|i unmediated -- volume
|m A14805983446
|
| 998 |
f |
f |
|a QP552 I7 I76 1982
|t 0
|l Evans: Library Stacks
|